Khảo sát khả năng hấp phụ đạm lân có trong nước thải biogas của than đước : Luận văn tốt nghiệp đại học. Chuyên ngành Khoa học môi trường
Khảo sát khả năng hấp thụ đạm, lân trong nước thải sau hệ thống túi ủ biogas của than đước.
Enregistré dans:
| Auteur principal: | |
|---|---|
| Format: | Livre |
| Langue: | Undetermined |
| Publié: |
Cần Thơ
Trường Đại học Cần Thơ
2010
|
| Sujets: | |
| Tags: |
Ajouter un tag
Pas de tags, Soyez le premier à ajouter un tag!
|
| Thư viện lưu trữ: | Trung tâm Học liệu Trường Đại học Cần Thơ |
|---|
| LEADER | 01108nam a2200217Ia 4500 | ||
|---|---|---|---|
| 001 | CTU_165340 | ||
| 008 | 210402s9999 xx 000 0 und d | ||
| 082 | |a 628.3 | ||
| 082 | |b T527 | ||
| 100 | |a Hứa, Thị Kim Tuyền | ||
| 245 | 0 | |a Khảo sát khả năng hấp phụ đạm lân có trong nước thải biogas của than đước : | |
| 245 | 0 | |b Luận văn tốt nghiệp đại học. Chuyên ngành Khoa học môi trường | |
| 245 | 0 | |c Hứa Thị Kim Tuyền ; Nguyễn Hữu Chiếm, Cô Thị Kính (Cán bộ hướng dẫn) | |
| 260 | |a Cần Thơ | ||
| 260 | |b Trường Đại học Cần Thơ | ||
| 260 | |c 2010 | ||
| 520 | |a Khảo sát khả năng hấp thụ đạm, lân trong nước thải sau hệ thống túi ủ biogas của than đước. | ||
| 650 | |a Gas,Khí đốt,Environmental protection,Factory and trade waste,Sewerage | ||
| 650 | |x Coal,Than đước,Management,Purification | ||
| 904 | |i Loan, dthtrang, Kim Lan, Giang | ||
| 980 | |a Trung tâm Học liệu Trường Đại học Cần Thơ | ||